[Event "Danmarksmesterskabet 2020"]
[Site "Svendborg"]
[Date "2020.10.10"]
[Round "2.1"]
[White "Bjerre, Jonas Buhl"]
[Black "Rasmussen, Allan Stig"]
[Result "0-1"]
[WhiteElo "2559"]
[BlackElo "2559"]
[PlyCount "74"]
[EventDate "2020.10.09"]
[EventType "tourn"]
[EventRounds "9"]
[EventCountry "DEN"]

1. d4 Nf6 2. c4 e6 3. Nf3 d5 4. g3 Bb4+ 5. Bd2 Be7 6. Bg2 O-O 7. Qc2 Nbd7 8. h4
h6 9. Nc3 dxc4 10. Ng5 Re8 11. O-O-O Rb8 12. d5 e5 13. d6 Bxd6 14. Bd5 Re7 15.
Bxc4 Nf8 16. g4 Nxg4 17. Nd5 hxg5 18. Bxg5 Qe8 19. Rhg1 Kh8 20. f3 f6 21. Nxe7
fxg5 22. hxg5 Qxe7 23. Rxg4 g6 24. Rh1+ Kg7 25. Rgh4 Qxg5+ 26. Kb1 b5 27. Bb3
Qe3 28. Re4 Qf2 29. Qd2 Bf5 30. Qh6+ Kf6 31. Qh8+ Ke7 32. Qg7+ Kd8 33. Bd5 Qd4
34. Qf7 Rb6 35. a3 c6 36. Rh8 Qd1+ 37. Ka2 Qxd5+ 0-1

[Event "Danmarksmesterskabet 2020"]
[Site "Svendborg"]
[Date "2020.10.10"]
[Round "2.2"]
[White "Ochsner, Bjorn Moller"]
[Black "Hansen, Sune Berg"]
[Result "1/2-1/2"]
[WhiteElo "2482"]
[BlackElo "2557"]
[PlyCount "91"]
[EventDate "2020.10.09"]
[EventType "tourn"]
[EventRounds "9"]
[EventCountry "DEN"]

1. e4 e5 2. Nf3 Nf6 3. Nxe5 d6 4. Nf3 Nxe4 5. d4 d5 6. Bd3 Bd6 7. O-O O-O 8. c4
c6 9. Nc3 Nxc3 10. bxc3 dxc4 11. Bxc4 Bf5 12. Bg5 Qa5 13. Nh4 Be6 14. Bxe6 Qxg5
15. Nf3 Qa5 16. Bb3 Nd7 17. Qd3 Rae8 18. g3 Nf6 19. Kg2 g6 20. Rae1 Kg7 21. h4
h6 22. Nd2 Qd8 23. Nc4 Bc7 24. Bd1 Rxe1 25. Rxe1 Re8 26. Rh1 h5 27. Bf3 Qd7 28.
Rb1 b6 29. Rd1 Nd5 30. Nd2 Nf6 31. Nc4 Nd5 32. Nd2 Nf6 33. Nf1 Nd5 34. c4 Nf6
35. Qc2 Bb8 36. Ne3 Qc7 37. Qc3 c5 38. d5 Qd6 39. Re1 Kg8 40. Qd3 Qd7 41. Rd1
Bd6 42. Nc2 Re5 43. Na3 Ne8 44. Nb5 Re7 45. Nc3 Be5 46. Ne4 1/2-1/2

[Event "Danmarksmesterskabet 2020"]
[Site "Svendborg"]
[Date "2020.10.10"]
[Round "2.3"]
[White "Chatalbashev, Boris"]
[Black "Haubro, Martin"]
[Result "0-1"]
[WhiteElo "2522"]
[BlackElo "2423"]
[PlyCount "110"]
[EventDate "2020.10.09"]
[EventType "tourn"]
[EventRounds "9"]
[EventCountry "DEN"]

1. c4 e6 2. g3 d5 3. Bg2 dxc4 4. Qa4+ Nd7 5. Qxc4 c5 6. Nf3 Ngf6 7. O-O a6 8.
Qb3 Rb8 9. a4 b6 10. d3 Bd6 11. Nfd2 Bc7 12. Nc3 Qe7 13. Nc4 O-O 14. Bd2 Rd8
15. Rfc1 Nf8 16. Bg5 h6 17. Bxf6 gxf6 18. Qc2 f5 19. e4 f4 20. e5 Ng6 21. Re1
b5 22. axb5 axb5 23. Na5 Bd7 24. Ne4 Bxe5 25. Nxc5 fxg3 26. hxg3 Rdc8 27. Nab3
Bc6 28. Rac1 Bxg2 29. Kxg2 Qg5 30. d4 Bf4 31. Rcd1 Bd6 32. Qe4 Nf4+ 33. Kf1 Nd5
34. Nxe6 Qh5 35. Nec5 Nf6 36. Qg2 Ng4 37. Rd3 Kh8 38. Kg1 Rg8 39. Ne4 Rbe8 40.
Rdd1 Rxe4 41. Rxe4 Nxf2 42. Kxf2 Qxd1 43. Re3 Bf4 44. Rc3 Qb1 45. Qc6 Bxg3+ 46.
Ke3 Rg6 47. Qc8+ Kg7 48. Nc5 b4 49. Rb3 Qd1 50. Ke4 Bd6 51. Rd3 Qh1+ 52. Rf3
Bxc5 53. Qf5 Qe1+ 54. Kd5 Rg5 55. dxc5 Rxf5+ 0-1

[Event "Danmarksmesterskabet 2020"]
[Site "Svendborg"]
[Date "2020.10.10"]
[Round "2.4"]
[White "Fries Nielsen, Jens Ove"]
[Black "Brondt, Nicolai Kvist"]
[Result "1-0"]
[WhiteElo "2380"]
[BlackElo "2226"]
[PlyCount "79"]
[EventDate "2020.10.09"]
[EventType "tourn"]
[EventRounds "9"]
[EventCountry "DEN"]

1. d4 d5 2. Nc3 Nf6 3. e3 e6 4. Nge2 c5 5. h3 Nc6 6. g4 b6 7. Bg2 cxd4 8. exd4
Ba6 9. O-O Bd6 10. f4 Qd7 11. a4 Bxe2 12. Nxe2 Ne4 13. Nc3 Nxc3 14. bxc3 Na5
15. f5 O-O-O 16. Qd3 g6 17. fxe6 fxe6 18. Bg5 Rde8 19. Bf6 Rhf8 20. g5 Nc4 21.
h4 Bc7 22. Rf2 Qd6 23. Qh3 Qg3 24. Re2 Kb8 25. Rf1 Qxh3 26. Bxh3 e5 27. Bd7 e4
28. Kg2 Nd6 29. Bxe8 Rxe8 30. Ref2 e3 31. Re2 Nf5 32. Rxf5 gxf5 33. Kf3 f4 34.
h5 Rg8 35. Rg2 Kc8 36. g6 hxg6 37. h6 Rf8 38. h7 Rxf6 39. h8=Q+ Bd8 40. Qg8 1-0

[Event "Danmarksmesterskabet 2020"]
[Site "Svendborg"]
[Date "2020.10.10"]
[Round "2.5"]
[White "Thybo, Jesper Sondergaard"]
[Black "Andersen, Mads"]
[Result "1/2-1/2"]
[WhiteElo "2573"]
[BlackElo "2577"]
[PlyCount "61"]
[EventDate "2020.10.09"]
[EventType "tourn"]
[EventRounds "9"]
[EventCountry "DEN"]

1. d4 d5 2. c4 e6 3. Nf3 dxc4 4. e3 Nf6 5. Bxc4 c5 6. O-O a6 7. b3 Nbd7 8. Be2
b6 9. Bb2 Bb7 10. Nbd2 Be7 11. dxc5 Bxc5 12. Nd4 Rc8 13. Bf3 Qc7 14. Rc1 Qb8
15. Qe2 O-O 16. Rfd1 Rc7 17. Bxb7 Qxb7 18. Qf3 Qxf3 19. N4xf3 Rfc8 20. Kf1 Kf8
21. Ke2 Be7 22. Rxc7 Rxc7 23. Rc1 Rxc1 24. Bxc1 Nd5 25. Bb2 Nb4 26. a3 Nc6 27.
a4 g6 28. Nc4 b5 29. axb5 axb5 30. Nce5 Ndxe5 31. Bxe5 1/2-1/2

[Event "Danmarksmesterskabet 2020"]
[Site "Svendborg"]
[Date "2020.10.11"]
[Round "3.1"]
[White "Rasmussen, Allan Stig"]
[Black "Ochsner, Bjorn Moller"]
[Result "1/2-1/2"]
[WhiteElo "2559"]
[BlackElo "2482"]
[PlyCount "97"]
[EventDate "2020.10.09"]
[EventType "tourn"]
[EventRounds "9"]
[EventCountry "DEN"]

1. e4 e5 2. Nf3 Nc6 3. Bc4 Bc5 4. c3 Nf6 5. d4 exd4 6. e5 d5 7. Bb5 Ne4 8. cxd4
Bb6 9. Nc3 O-O 10. Be3 Bg4 11. h3 Bh5 12. Qc2 Bg6 13. Qb3 Ne7 14. O-O c6 15.
Bd3 Nxc3 16. Qxc3 Bxd3 17. Qxd3 Qd7 18. Nh4 Ng6 19. Nf5 Ne7 20. g4 f6 21. f4
Kh8 22. Rae1 Nxf5 23. gxf5 Qf7 24. Kh2 Qh5 25. Bd2 a5 26. Re3 Rae8 27. Rg3 Bc7
28. b4 axb4 29. Bxb4 Rg8 30. Rg4 g6 31. fxg6 Rxg6 32. Rfg1 Reg8 33. Qf3 Qf5 34.
R1g3 Qc2+ 35. Rg2 Qf5 36. Qg3 fxe5 37. dxe5 d4 38. Be7 Bd8 39. Bxd8 Rxd8 40.
Rxg6 hxg6 41. Qh4+ Kg7 42. Qe7+ Qf7 43. Qxd8 Qxf4+ 44. Kg1 Qc1+ 45. Kf2 Qe3+
46. Kf1 Qc1+ 47. Kf2 Qe3+ 48. Kf1 Qc1+ 49. Kf2 1/2-1/2

[Event "Danmarksmesterskabet 2020"]
[Site "Svendborg"]
[Date "2020.10.11"]
[Round "3.2"]
[White "Haubro, Martin"]
[Black "Fries Nielsen, Jens Ove"]
[Result "1-0"]
[WhiteElo "2423"]
[BlackElo "2380"]
[PlyCount "69"]
[EventDate "2020.10.09"]
[EventType "tourn"]
[EventRounds "9"]
[EventCountry "DEN"]

1. e4 e5 2. Nf3 Nc6 3. Bb5 Nd4 4. Nxd4 exd4 5. O-O c6 6. Bc4 h5 7. Re1 Bc5 8.
d3 d6 9. Nd2 Ne7 10. Nf3 f6 11. c3 Bg4 12. h3 Bxf3 13. Qxf3 Qd7 14. a4 a5 15.
Rb1 Ng6 16. Ba2 Ne5 17. Qe2 g5 18. b4 axb4 19. cxb4 Ba7 20. f4 gxf4 21. Bxf4
Bb8 22. a5 Bc7 23. Kh1 b6 24. axb6 Bxb6 25. Rf1 Bd8 26. Bxe5 dxe5 27. Bc4 Rb8
28. Rf5 Qh7 29. Qd1 Kf8 30. Qa4 Qc7 31. Rbf1 Kg7 32. Qd1 Rxb4 33. Rxh5 Rxh5 34.
Qxh5 Qd6 35. Qf7+ 1-0

[Event "Danmarksmesterskabet 2020"]
[Site "Svendborg"]
[Date "2020.10.11"]
[Round "3.3"]
[White "Hansen, Sune Berg"]
[Black "Thybo, Jesper Sondergaard"]
[Result "0-1"]
[WhiteElo "2557"]
[BlackElo "2573"]
[PlyCount "68"]
[EventDate "2020.10.09"]
[EventType "tourn"]
[EventRounds "9"]
[EventCountry "DEN"]

1. d4 Nf6 2. Nf3 d5 3. Bf4 c5 4. e3 Nc6 5. Nbd2 e6 6. c3 cxd4 7. exd4 Nh5 8.
Bg3 Nxg3 9. hxg3 g6 10. Bd3 Bg7 11. Qe2 Qc7 12. O-O O-O 13. Rfe1 Re8 14. Rac1
Qb6 15. Nb3 e5 16. dxe5 Bg4 17. Qd2 Bxf3 18. gxf3 Nxe5 19. Be2 Rad8 20. Qc2 h5
21. f4 Nc4 22. Bf3 Rxe1+ 23. Rxe1 h4 24. Kh2 hxg3+ 25. fxg3 Bf6 26. Re2 Kg7 27.
Qd3 Qa6 28. Nc5 Qxa2 29. Bxd5 Qa1 30. Qxc4 Qf1 31. Ne6+ fxe6 32. Qc7+ Kh6 33.
Rg2 Rxd5 34. g4 g5 0-1

[Event "Danmarksmesterskabet 2020"]
[Site "Svendborg"]
[Date "2020.10.11"]
[Round "3.4"]
[White "Andersen, Mads"]
[Black "Chatalbashev, Boris"]
[Result "1-0"]
[WhiteElo "2577"]
[BlackElo "2522"]
[PlyCount "91"]
[EventDate "2020.10.09"]
[EventType "tourn"]
[EventRounds "9"]
[EventCountry "DEN"]

1. d4 Nf6 2. c4 g6 3. g3 c5 4. Nf3 Bg7 5. Bg2 Qa5+ 6. Nc3 Ne4 7. Qd3 cxd4 8.
Nxd4 Nc5 9. Qd1 Nc6 10. Be3 Ne6 11. Nxe6 dxe6 12. O-O O-O 13. Qb3 Nd4 14. Bxd4
Bxd4 15. Rac1 Rb8 16. Rfd1 Be5 17. c5 Rd8 18. Rxd8+ Qxd8 19. Qa4 Bd7 20. Qxa7
Qc8 21. Rd1 Kg7 22. Qa5 Bc6 23. Rd3 Bxg2 24. Kxg2 Qc6+ 25. f3 Rc8 26. b4 h5 27.
Qb5 Ra8 28. Qc4 b6 29. a4 bxc5 30. b5 Qc7 31. Ne4 Rc8 32. Nd2 h4 33. f4 Bf6 34.
Nf3 hxg3 35. hxg3 Qa5 36. e4 Ba1 37. Ra3 Bb2 38. Rb3 Ba1 39. Ra3 Bb2 40. Rb3
Ba1 41. b6 Rb8 42. Rb5 Qa6 43. a5 Rc8 44. Rxc5 Qxc4 45. Rxc4 Rxc4 46. b7 1-0

[Event "Danmarksmesterskabet 2020"]
[Site "Svendborg"]
[Date "2020.10.11"]
[Round "3.5"]
[White "Brondt, Nicolai Kvist"]
[Black "Bjerre, Jonas Buhl"]
[Result "1/2-1/2"]
[WhiteElo "2226"]
[BlackElo "2559"]
[PlyCount "83"]
[EventDate "2020.10.09"]
[EventType "tourn"]
[EventRounds "9"]
[EventCountry "DEN"]

1. d4 Nf6 2. c4 e6 3. Nc3 Bb4 4. e3 O-O 5. Bd3 b6 6. Nge2 d5 7. O-O Bb7 8. cxd5
exd5 9. a3 Bd6 10. b4 Re8 11. Ng3 Nbd7 12. Rb1 a5 13. b5 Ne4 14. Ncxe4 dxe4 15.
Bc4 g6 16. Qb3 Qe7 17. a4 Nf6 18. Ra1 h5 19. h3 Kg7 20. Ba3 Rh8 21. Bxd6 cxd6
22. Rfc1 h4 23. Nf1 Rac8 24. Rc3 Rh5 25. Rac1 Nd5 26. Bxd5 Bxd5 27. Qd1 Rxc3
28. Rxc3 Be6 29. Nd2 Bd7 30. Qb1 d5 31. Rc7 Rg5 32. Kh1 Qd6 33. Qc1 Rf5 34. Kg1
Rf6 35. Nf1 g5 36. Nh2 Rg6 37. Ng4 Bxg4 38. hxg4 Qb4 39. Rc6 Qe7 40. Rxg6+ Kxg6
41. Qc6+ Qe6 42. Qxe6+ 1/2-1/2

[Event "Danmarksmesterskabet 2020"]
[Site "Svendborg"]
[Date "2020.10.12"]
[Round "4.1"]
[White "Thybo, Jesper Sondergaard"]
[Black "Rasmussen, Allan Stig"]
[Result "1-0"]
[WhiteElo "2573"]
[BlackElo "2559"]
[PlyCount "131"]
[EventDate "2020.10.09"]
[EventType "tourn"]
[EventRounds "9"]
[EventCountry "DEN"]

1. Nf3 d5 2. d4 Nf6 3. c4 e6 4. g3 Bb4+ 5. Bd2 Be7 6. Bg2 O-O 7. O-O Nbd7 8. b4
c6 9. a4 Ne4 10. a5 Bf6 11. Qb3 dxc4 12. Qxc4 e5 13. Be3 Nd6 14. Qc2 exd4 15.
Bxd4 Nb5 16. Bxf6 Nxf6 17. Na3 Nxa3 18. Rxa3 Qe7 19. Rb1 Nd5 20. Rab3 Rd8 21.
a6 Qf6 22. axb7 Bxb7 23. h4 h6 24. e3 Ba6 25. Nd4 Bb5 26. Qc5 a6 27. Rc1 Rab8
28. e4 Nf4 29. e5 Ne6 30. exf6 Nxc5 31. bxc5 Rxd4 32. Bxc6 gxf6 33. Bg2 Rc8 34.
c6 Rc7 35. Rbc3 Kf8 36. Rc5 Be2 37. Kh2 Bb5 38. Bf3 Kg7 39. Kg2 Kf8 40. R1c3
Rd3 41. Rxd3 Bxd3 42. g4 Bb5 43. Kg3 Ke7 44. Kf4 Kd6 45. Rh5 Bxc6 46. Bxc6 Rxc6
47. Rxh6 Ke7 48. Rh8 Rc4+ 49. Kg3 f5 50. g5 Rg4+ 51. Kh3 Rf4 52. h5 Rxf2 53. h6
Rf3+ 54. Kg2 Rf4 55. h7 Rh4 56. g6 fxg6 57. Ra8 Kd6 58. h8=Q Rxh8 59. Rxh8 Kc5
60. Ra8 Kb5 61. Kf3 a5 62. Ke3 Kb4 63. Kd4 a4 64. Rb8+ Ka3 65. Kc3 Ka2 66. Rg8
1-0

[Event "Danmarksmesterskabet 2020"]
[Site "Svendborg"]
[Date "2020.10.12"]
[Round "4.2"]
[White "Andersen, Mads"]
[Black "Hansen, Sune Berg"]
[Result "1-0"]
[WhiteElo "2577"]
[BlackElo "2557"]
[PlyCount "123"]
[EventDate "2020.10.09"]
[EventType "tourn"]
[EventRounds "9"]
[EventCountry "DEN"]

1. c4 e5 2. Nc3 Nf6 3. Nf3 Nc6 4. e4 Bb4 5. d3 d6 6. h3 a6 7. Be2 h6 8. Be3
Bxc3+ 9. bxc3 Ne7 10. a4 Ng6 11. a5 O-O 12. Qd2 c6 13. O-O Qe7 14. Rfe1 Be6 15.
Qc2 Rac8 16. d4 c5 17. d5 Bd7 18. Nd2 Nh7 19. Bg4 Bxg4 20. hxg4 Qh4 21. f3 h5
22. gxh5 Qxh5 23. Nf1 Qh4 24. Rab1 Rc7 25. Qf2 Qxf2+ 26. Kxf2 Rd8 27. g4 f6 28.
Ng3 Ne7 29. Nf5 g5 30. Rh1 Nxf5 31. gxf5 Rg7 32. Rh6 Rdd7 33. Kg3 Rdf7 34. Rb6
Rd7 35. Kg4 Kf7 36. Bf2 Ke7 37. Rg6 Kf7 38. Rh6 Nf8 39. Bxc5 dxc5 40. Rbxf6+
Kg8 41. Rh5 Rdf7 42. Rd6 Rd7 43. Rb6 Kf7 44. f6 Rg8 45. Kf5 Ke8 46. Kxe5 g4 47.
fxg4 Rxg4 48. Kf5 Rg1 49. e5 Rf1+ 50. Kg4 Rc7 51. Rh8 Rg1+ 52. Kf3 Rf1+ 53. Kg4
Rg1+ 54. Kf3 Rf1+ 55. Kg3 Rf5 56. Re6+ Kf7 57. Kg4 Rf1 58. Rd6 Rg1+ 59. Kf3 Rc8
60. Rh6 Re8 61. e6+ Nxe6 62. Rd7+ 1-0

[Event "Danmarksmesterskabet 2020"]
[Site "Svendborg"]
[Date "2020.10.12"]
[Round "4.3"]
[White "Bjerre, Jonas Buhl"]
[Black "Haubro, Martin"]
[Result "1-0"]
[WhiteElo "2559"]
[BlackElo "2423"]
[PlyCount "93"]
[EventDate "2020.10.09"]
[EventType "tourn"]
[EventRounds "9"]
[EventCountry "DEN"]

1. d4 Nf6 2. c4 e6 3. Nf3 d5 4. g3 Bb4+ 5. Bd2 Be7 6. Bg2 O-O 7. O-O Nbd7 8.
Na3 c6 9. Rc1 Ne4 10. Be3 Bd6 11. Rc2 Qe7 12. Qc1 Bxa3 13. bxa3 Nd6 14. c5 Nc4
15. Rxc4 dxc4 16. Bf4 e5 17. Nxe5 Nxe5 18. Bxe5 Re8 19. Qxc4 Be6 20. Qc2 Qd7
21. Rb1 f6 22. Bd6 b6 23. a4 Bd5 24. e4 Bf7 25. e5 fxe5 26. dxe5 bxc5 27. Qxc5
Rac8 28. a5 Bxa2 29. Rb2 Bd5 30. a6 Bxg2 31. Kxg2 Qe6 32. Qxa7 Qd5+ 33. f3 Ra8
34. Qb6 c5 35. a7 c4 36. Bb8 c3 37. Rc2 Rc8 38. e6 Re8 39. Re2 Qd3 40. Kf2 c2
41. Qc6 Kf8 42. Qc5+ Kg8 43. e7 h6 44. g4 Kh7 45. h4 Kg8 46. Qc6 Kf7 47. Qe6#
1-0

[Event "Danmarksmesterskabet 2020"]
[Site "Svendborg"]
[Date "2020.10.12"]
[Round "4.4"]
[White "Ochsner, Bjorn Moller"]
[Black "Brondt, Nicolai Kvist"]
[Result "1-0"]
[WhiteElo "2482"]
[BlackElo "2226"]
[PlyCount "125"]
[EventDate "2020.10.09"]
[EventType "tourn"]
[EventRounds "9"]
[EventCountry "DEN"]

1. e4 c6 2. d4 d5 3. e5 Bf5 4. h4 h5 5. Bd3 Bxd3 6. Qxd3 e6 7. Bg5 Be7 8. Nf3
Nh6 9. Nbd2 Nf5 10. c3 Nd7 11. Qe2 c5 12. dxc5 Nxc5 13. Bxe7 Qxe7 14. g3 g6 15.
Nd4 Nxd4 16. cxd4 Na6 17. a3 Rc8 18. Nf3 Nb8 19. O-O Nc6 20. Rad1 Qc7 21. Qe3
Ne7 22. Rc1 Qd7 23. Rxc8+ Qxc8 24. Rc1 Qd7 25. Qg5 Nf5 26. Rc3 O-O 27. g4 hxg4
28. Qxg4 Rc8 29. h5 Rxc3 30. bxc3 Kg7 31. Qg5 Qe7 32. h6+ Kh7 33. Qxe7 Nxe7 34.
Ng5+ Kxh6 35. Nxf7+ Kh5 36. Nd8 Kg4 37. Kf1 b6 38. Nxe6 g5 39. Ke2 Kf5 40. Nc7
g4 41. Ke3 Kg5 42. a4 Kf5 43. Nb5 Nc6 44. Nd6+ Kg5 45. Ne8 Kf5 46. Nf6 Ne7 47.
Kd3 a6 48. c4 dxc4+ 49. Kxc4 Ng6 50. Nd7 Nf4 51. Nxb6 Nh3 52. Nd5 Nxf2 53. Ne3+
Ke6 54. Kc5 g3 55. Kc6 Ng4 56. Nxg4 g2 57. d5+ Kf7 58. e6+ Ke7 59. d6+ Kxe6 60.
d7 g1=Q 61. d8=Q Qc1+ 62. Kb7 Qb2+ 63. Qb6+ 1-0

[Event "Danmarksmesterskabet 2020"]
[Site "Svendborg"]
[Date "2020.10.12"]
[Round "4.5"]
[White "Chatalbashev, Boris"]
[Black "Fries Nielsen, Jens Ove"]
[Result "1-0"]
[WhiteElo "2522"]
[BlackElo "2380"]
[PlyCount "61"]
[EventDate "2020.10.09"]
[EventType "tourn"]
[EventRounds "9"]
[EventCountry "DEN"]

1. d4 Nf6 2. c4 d6 3. Nc3 Nbd7 4. e4 e5 5. Nf3 Be7 6. Be2 O-O 7. O-O b6 8. d5
Nc5 9. Qc2 a5 10. h3 g6 11. Bh6 Re8 12. b3 Nh5 13. Qd2 Bf8 14. Bg5 Be7 15. Bh6
Bf8 16. Be3 Nf4 17. Bd1 Bg7 18. Bc2 Rf8 19. Rfe1 Bh6 20. Kh2 Bg7 21. Rad1 Re8
22. a3 f5 23. exf5 Bxf5 24. Bxf5 gxf5 25. Bxf4 exf4 26. Rxe8+ Qxe8 27. Nb5 Nxb3
28. Qc2 Na1 29. Qxf5 Qf7 30. Qxf7+ Kxf7 31. Nbd4 1-0

[Event "Danmarksmesterskabet 2020"]
[Site "Svendborg"]
[Date "2020.10.13"]
[Round "5.1"]
[White "Haubro, Martin"]
[Black "Ochsner, Bjorn Moller"]
[Result "1/2-1/2"]
[WhiteElo "2423"]
[BlackElo "2482"]
[PlyCount "119"]
[EventDate "2020.10.09"]
[EventType "tourn"]
[EventRounds "9"]
[EventCountry "DEN"]

1. d4 Nf6 2. c4 e6 3. Nc3 Bb4 4. f3 c5 5. d5 O-O 6. e4 d6 7. Nge2 a6 8. Ng3 b5
9. a3 Ba5 10. Be2 exd5 11. cxd5 Nbd7 12. O-O c4 13. Nf5 Nc5 14. Nd4 Bb6 15. Kh1
Bd7 16. Bf4 Qc7 17. Bg5 Nd3 18. Bxf6 gxf6 19. Bxd3 Bxd4 20. Bc2 Qb6 21. Qe1 Kh8
22. Qh4 Rg8 23. e5 f5 24. Qe7 Qd8 25. exd6 f6 26. Rfe1 Rg7 27. Qe2 Be5 28. f4
Bxf4 29. Rf1 Bxd6 30. Bxf5 Qe8 31. Rae1 Qxe2 32. Rxe2 Be5 33. Ne4 Rd8 34. Bxd7
Rgxd7 35. Nxf6 Bxf6 36. Rxf6 Rxd5 37. Kg1 R5d6 38. Rxd6 Rxd6 39. Kf2 Kg7 40.
Ke1 Kf7 41. Rd2 Rh6 42. g3 Ke6 43. Re2+ Kd5 44. Kd2 Kd4 45. Rf2 Rh5 46. Rf4+
Kc5 47. Rf2 Rd5+ 48. Kc2 Re5 49. Kd2 Rh5 50. h4 a5 51. Rf7 b4 52. Rc7+ Kb5 53.
axb4 axb4 54. Rb7+ Ka4 55. Kc2 Rf5 56. Ra7+ Kb5 57. Rb7+ Ka5 58. Ra7+ Kb5 59.
Rb7+ Ka5 60. Ra7+ 1/2-1/2

[Event "Danmarksmesterskabet 2020"]
[Site "Svendborg"]
[Date "2020.10.13"]
[Round "5.3"]
[White "Rasmussen, Allan Stig"]
[Black "Andersen, Mads"]
[Result "1-0"]
[WhiteElo "2559"]
[BlackElo "2577"]
[PlyCount "131"]
[EventDate "2020.10.09"]
[EventType "tourn"]
[EventRounds "9"]
[EventCountry "DEN"]

1. d4 d5 2. c4 c6 3. Nf3 Nf6 4. Nc3 e6 5. e3 Nbd7 6. Bd3 dxc4 7. Bxc4 b5 8. Bd3
Bd6 9. a4 b4 10. Ne4 Nxe4 11. Bxe4 Bb7 12. b3 Nf6 13. Bd3 c5 14. Bb2 O-O 15.
dxc5 Bxc5 16. Rc1 Rc8 17. O-O Qd5 18. Bc4 Qxd1 19. Rfxd1 Rfd8 20. Kf1 Rxd1+ 21.
Rxd1 Kf8 22. Ne5 Ke7 23. Ke2 Rc7 24. g3 Ne4 25. Nd3 Bd6 26. f3 Ng5 27. Rf1 f6
28. h4 Nf7 29. e4 Nd8 30. e5 fxe5 31. Nxe5 Bd5 32. Rc1 Bxc4+ 33. Nxc4 g6 34. f4
Nb7 35. Rd1 Bc5 36. Kf3 Rc8 37. Be5 h5 38. Bb2 Bd6 39. Bd4 a6 40. Rd3 Bb8 41.
Be3 Bc7 42. Bd2 a5 43. Be3 Rf8 44. Bd4 Rd8 45. Ke2 Rc8 46. Re3 Ra8 47. Be5 Bd8
48. Rd3 Ra6 49. Kf3 Rc6 50. Bd4 Bc7 51. Rd2 Nd6 52. Ne5 Rc1 53. Nxg6+ Ke8 54.
Re2 Nf5 55. Rxe6+ Kd7 56. Nf8+ Kc8 57. Ke4 Nxg3+ 58. Kd5 Bxf4 59. Re8+ Kb7 60.
Ne6 Rf1 61. Re7+ Ka8 62. Kc6 Bb8 63. Re8 Rf7 64. Be5 Nf5 65. Rxb8+ Ka7 66. Re8
1-0

[Event "Danmarksmesterskabet 2020"]
[Site "Svendborg"]
[Date "2020.10.13"]
[Round "5.4"]
[White "Hansen, Sune Berg"]
[Black "Chatalbashev, Boris"]
[Result "0-1"]
[WhiteElo "2557"]
[BlackElo "2522"]
[PlyCount "110"]
[EventDate "2020.10.09"]
[EventType "tourn"]
[EventRounds "9"]
[EventCountry "DEN"]

1. e4 d6 2. d4 Nf6 3. Nc3 g6 4. Bg5 c6 5. Qd2 Nbd7 6. f4 d5 7. e5 Ne4 8. Nxe4
dxe4 9. f5 gxf5 10. O-O-O Nb6 11. c4 Be6 12. Qc2 Rg8 13. Be3 Bd7 14. Nh3 e6 15.
Kb1 Qc7 16. Nf4 c5 17. Nh5 Be7 18. dxc5 Na4 19. Nf6+ Bxf6 20. exf6 Nxc5 21. g3
O-O-O 22. Be2 Nd3 23. Qc3 e5 24. Rhf1 f4 25. Bxd3 exd3 26. gxf4 Bg4 27. Rde1
Be2 28. Rf2 e4 29. Kc1 h5 30. Kd2 h4 31. Qe5 h3 32. b4 Qxe5 33. fxe5 Kd7 34.
Rc1 a6 35. c5 Rde8 36. Rc4 Rxe5 37. Rd4+ Kc8 38. Kc3 Rg2 39. Rf4 Rxh2 40. Rfxe4
Rxe4 41. Rxe4 Bh5 42. Re8+ Kd7 43. Re7+ Kc6 44. Kxd3 Rxa2 45. Bf4 h2 46. Rc7+
Kd5 47. Bxh2 Rxh2 48. Rxb7 Rh3+ 49. Kd2 Kc4 50. c6 Rd3+ 51. Ke1 Rd6 52. Rb6 Bg4
53. Rxa6 Kxb4 54. Ra7 Be6 55. c7 Rc6 0-1

[Event "Danmarksmesterskabet 2020"]
[Site "Svendborg"]
[Date "2020.10.13"]
[Round "5.5"]
[White "Fries Nielsen, Jens Ove"]
[Black "Bjerre, Jonas Buhl"]
[Result "0-1"]
[WhiteElo "2380"]
[BlackElo "2559"]
[PlyCount "56"]
[EventDate "2020.10.09"]
[EventType "tourn"]
[EventRounds "9"]
[EventCountry "DEN"]

1. d4 Nf6 2. Nc3 d5 3. e3 c5 4. Nge2 Nc6 5. Nf4 e6 6. g4 cxd4 7. exd4 Bb4 8.
Bg2 Ne4 9. Qd3 Qa5 10. Nfe2 b6 11. O-O Ba6 12. Qe3 Bxc3 13. bxc3 Bxe2 14. Qxe2
Qxc3 15. Be3 Nxd4 16. Qd3 Qxd3 17. cxd3 Nc3 18. Kh1 Nc2 19. Rac1 Nxe3 20. fxe3
Nxa2 21. Rc7 O-O 22. e4 Nb4 23. d4 dxe4 24. Bxe4 Rad8 25. Rxa7 Rxd4 26. Bf3 Nd5
27. Rb7 Rf4 28. Kg1 Ne3 0-1

[Event "Danmarksmesterskabet 2020"]
[Site "Svendborg"]
[Date "2020.10.14"]
[Round "6.1"]
[White "Andersen, Mads"]
[Black "Brondt, Nicolai Kvist"]
[Result "1-0"]
[WhiteElo "2577"]
[BlackElo "2226"]
[PlyCount "83"]
[EventDate "2020.10.09"]
[EventType "tourn"]
[EventRounds "9"]
[EventCountry "DEN"]

1. d4 Nf6 2. c4 c6 3. Nf3 d5 4. e3 Bf5 5. Nc3 e6 6. Nh4 Be4 7. f3 Bg6 8. Qb3
Qc7 9. Bd2 Be7 10. Nxg6 hxg6 11. O-O-O a6 12. c5 Nbd7 13. Na4 Rb8 14. Kb1 Rxh2
15. Ba5 Qg3 16. Be1 Qc7 17. Rg1 Rh8 18. g4 Rd8 19. Bg3 Qc8 20. Bd3 g5 21. Rh1
Rh6 22. Qc2 Bf8 23. Rh2 Qa8 24. Rdh1 Qa7 25. Qc3 Rc8 26. Qa5 Ng8 27. f4 Be7 28.
Rh5 Bd8 29. Qe1 e5 30. fxg5 Rxh5 31. Rxh5 e4 32. Rh8 Kf8 33. Qh1 Bxg5 34. Qh7
Ndf6 35. Bd6+ Ke8 36. Rxg8+ Nxg8 37. Qxg8+ Kd7 38. Qxf7+ Kd8 39. Qf8+ Kd7 40.
Qf5+ Kd8 41. Qxg5+ Kd7 42. Qe7# 1-0

[Event "Danmarksmesterskabet 2020"]
[Site "Svendborg"]
[Date "2020.10.14"]
[Round "6.2"]
[White "Chatalbashev, Boris"]
[Black "Bjerre, Jonas Buhl"]
[Result "1/2-1/2"]
[WhiteElo "2522"]
[BlackElo "2559"]
[PlyCount "103"]
[EventDate "2020.10.09"]
[EventType "tourn"]
[EventRounds "9"]
[EventCountry "DEN"]

1. c4 c5 2. Nf3 Nc6 3. Nc3 g6 4. e3 Nf6 5. d4 cxd4 6. exd4 d5 7. cxd5 Nxd5 8.
Bc4 Nb6 9. Bb3 Bg7 10. d5 Na5 11. O-O O-O 12. Re1 Nxb3 13. axb3 Bxc3 14. bxc3
Qxd5 15. Qxd5 Nxd5 16. c4 Nb4 17. Rxe7 Nc6 18. Rc7 f6 19. Nd2 Rf7 20. Rxf7 Kxf7
21. Ne4 Bf5 22. Nd6+ Kg8 23. Nxb7 Rb8 24. Nc5 Nd4 25. g4 Bxg4 26. Be3 Nc6 27.
Kg2 Bf5 28. Ra6 Rb6 29. Ra2 Rb8 30. Kf3 Kf7 31. Ke2 a5 32. Kd2 g5 33. Kc3 h5
34. Rd2 Ke7 35. Rd5 Be6 36. Nxe6 Kxe6 37. h4 gxh4 38. Rxh5 Ra8 39. Rxh4 a4 40.
b4 a3 41. Rh1 a2 42. Ra1 Ra3+ 43. Kb2 Rd3 44. b5 Na5 45. Kc2 Ra3 46. c5 Ra4 47.
b6 f5 48. Kb2 f4 49. Bd2 Kd7 50. Bc3 Nb7 51. Rxa2 Nxc5 52. Rxa4 1/2-1/2

[Event "Danmarksmesterskabet 2020"]
[Site "Svendborg"]
[Date "2020.10.14"]
[Round "6.3"]
[White "Hansen, Sune Berg"]
[Black "Rasmussen, Allan Stig"]
[Result "0-1"]
[WhiteElo "2557"]
[BlackElo "2559"]
[PlyCount "80"]
[EventDate "2020.10.09"]
[EventType "tourn"]
[EventRounds "9"]
[EventCountry "DEN"]

1. e4 e5 2. Nf3 Nc6 3. Bc4 Nf6 4. d3 h6 5. O-O d6 6. c3 g5 7. Nbd2 Bg7 8. Bb3
O-O 9. h3 Ne7 10. Re1 Ng6 11. Nf1 Bd7 12. d4 Qc8 13. Ng3 Re8 14. Bc4 b5 15. Bf1
a6 16. b3 Nf4 17. Qc2 c5 18. dxe5 dxe5 19. Be3 Qc7 20. a4 Bf8 21. Red1 Bc6 22.
Nd2 Rad8 23. axb5 axb5 24. Nf5 g4 25. hxg4 Nxg4 26. g3 Re6 27. Nf3 Rxd1 28.
Rxd1 Qb7 29. Nd2 Rg6 30. Re1 h5 31. Nh4 Rg7 32. Nf5 Rg6 33. Nh4 Rg7 34. Qd1 Qc8
35. Nf5 Rg6 36. Nh4 Rg7 37. Ndf3 f6 38. Bc1 c4 39. bxc4 Bc5 40. Nf5 Nxf2 0-1

[Event "Danmarksmesterskabet 2020"]
[Site "Svendborg"]
[Date "2020.10.14"]
[Round "6.4"]
[White "Ochsner, Bjorn Moller"]
[Black "Fries Nielsen, Jens Ove"]
[Result "1-0"]
[WhiteElo "2482"]
[BlackElo "2380"]
[PlyCount "49"]
[EventDate "2020.10.09"]
[EventType "tourn"]
[EventRounds "9"]
[EventCountry "DEN"]

1. e4 d6 2. d4 Nf6 3. Nc3 b6 4. Nf3 Bb7 5. Bb5+ c6 6. Bd3 e6 7. O-O Nbd7 8. e5
dxe5 9. dxe5 Nd5 10. Ne4 Nc5 11. Bg5 Qc7 12. a3 h6 13. Bh4 Nxe4 14. Bxe4 g5 15.
Bg3 O-O-O 16. Qc1 Be7 17. c4 g4 18. Nd2 Bg5 19. cxd5 cxd5 20. Bd3 Qxc1 21.
Raxc1+ Kb8 22. Rcd1 h5 23. f4 Be7 24. Bf2 h4 25. Bd4 1-0